Państwa graniczące z Demokratyczną Republik ą . - Statystyki

Ogólne statystyki
  • Ten quiz został rozwiązany 22 razy
  • Średni wynik to 8 z 9
Statystyki odpowiedzi
Pierwsza litera państwa Państwo % Poprawnych
Z Zambia
95%
A Angola
90%
Republika Środkowoafrykańska
90%
R Rwanda
90%
U Uganda
90%
T Tanzania
86%
B Burundi
81%
SP Sudan Południowy
71%
RK Republika Konga
62%
Nie znaleziono quizów pasujących do podanych kryteriów
Rozkład punktacji
Procent ludzi z każdym wynikiem
Percentyl według liczby udzielonych odpowiedzi
Twoja historia wyników
Nie rozwiązałeś tego quizu